Catálogo

FLOR DE SANTIDAD (Registro nro. 33817)

Detalles MARC
000 -LEADER
fixed length control field 00421nam a2200157 a 4500
001 - CONTROL NUMBER
control field 33817
005 - DATE AND TIME OF LATEST TRANSACTION
control field 20180714001827.0
008 - FIXED-LENGTH DATA ELEMENTS--GENERAL INFORMATION
fixed length control field 140415s1975 000 0 spa d
041 ## - LANGUAGE CODE
Language code of text/sound track or separate title spa
082 ## - DEWEY DECIMAL CLASSIFICATION NUMBER
Classification number 860
Item number VAL
100 1# - MAIN ENTRY--PERSONAL NAME
Personal name VALLE INCLAN, RAMON DEL
245 10 - TITLE STATEMENT
Title FLOR DE SANTIDAD
260 ## - PUBLICATION, DISTRIBUTION, ETC.
Place of publication, distribution, etc. [s.l.] :
Name of publisher, distributor, etc. PROMOTORA DE EDICIONES Y PUBLICACIONES,
Date of publication, distribution, etc. 1975
300 ## - PHYSICAL DESCRIPTION
Extent 250
650 14 - SUBJECT ADDED ENTRY--TOPICAL TERM
Topical term or geographic name entry element LITERATURA ESPAOLA
Existencias
Withdrawn status Lost status Source of classification or shelving scheme Damaged status Not for loan Collection code Home library Current library Shelving location Date acquired Source of acquisition Inventory number Total Checkouts Full call number Barcode Date last seen Price effective from Koha item type
    Dewey Decimal Classification     General Biblioteca Karol Wojtyla Biblioteca Karol Wojtyla Sala general 03/12/2013 Compra 151000000000000000033363   860 VAL 51368 05/01/2026 03/12/2013 Libro